000 00743cab a2200265 4500
001 WB3225-19
008 090401t1996 xxu||||| |||| 00| 0 eng d
035 _a(Sirsi) u40013
041 _aeng
245 _aUtilities reject PFI roads
260 _c1996
350 _a0
490 _aSunday Business
_v23 June 1996, 6(1)
520 _aThe utilities say they have no interest in building or maintaining roads.
650 _aDBFO PROJECTS
650 _aDESIGN BUILD FINANCE OPERATE
650 _aINFRASTRUCTURE PROJECTS
650 _aPRIVATE FINANCE INITIATIVE
650 _aROAD BUILDING
650 _aUtilities
_96272
690 _aBUILT ENVIRONMENT
690 _aFINANCE AND INVESTMENT
942 _n0
948 _c04/03/1997
999 _c25621
_d25621